000
00254nam a2200097Ia 4500
001
1229129
005
20250827093055.0
008
250824s9999 xx 000 0 und d
245
0
_a
İHANET NOKTASI
_c
NURDAN BEŞERGİL
260
_b
ALTIN KİTAPLAR YAYINLARI
999
_c
1229129
_d
1229129